000 01390cam a2200349 a 4500
001
003 DO-SdBNP
005 20220304101328.0
007
008 020930s2017 dr a 000 1 spa
010 _a
020 _a9789945492989
040 _aBPMSU
_cspa
_bBPMSU
082 _aRD863.5
_bF356v
_222
111 2 _aFeria Regional del Libro Hato Mayor
_n(12a. :
_d2016 ;
_cHato Mayor, República Dominicana )
245 1 0 _aVoces del este :
_bcuentos gandores del Certamen de la Región Este /
_cEsmarlin Moreta...[y otros]
246 1 3 _aVoces del este
246 1 3 _aCertámen de la región este
260 _aSanto Domingo :
_bFeria Regional de Hato Mayor,
_c 2017
300 _a35 p. :
_bil. ;
_c21 cm.
490 0 _aNarrativa
500 _3Jurado Avelino Stanley, Nan Chavalier y Rafael Peralta Romero
505 0 _tPrimer lugar : Jabel /Melissa Berroa -- Segundo lugar : La obra maestra / Natacha Tatlle -- Tercer lugar : La trampa / Luis Rodríguez Delfín -- Mensiones Los aboltos de las tinieblas / Jonás Sánchez Paulino -- La apuesta / Luis Rodríguez Delfín.
_a
590 _6Inventariado, 2021/VM
650 4 _aCertámenes literarios
_zHato Mayor (República Dominicana)
650 4 _aLiteratura dominicana
650 4 _aCuentos dominicanos
_vConcursos
650 4 _a
700 1 _aMoreta, Esmarlin
910 _aVMateo
942 _2ddc
_cBK
999 _c13445
_d13445